| 000 | 00475nam a22001457a 4500 | ||
|---|---|---|---|
| 082 |
_a627.52 _bGOV _cL-22, P-7 |
||
| 100 |
_aPublic Works Department Punjab, _944020 |
||
| 245 | _aRasul manual for subordinate engineerers irrigations/ | ||
| 260 |
_aLahore: _bGovernment printing, Punjab, _cc1952 |
||
| 300 |
_avarious paging, _bill,: _c22 cm |
||
| 526 |
_a0 _b0 _c0 _d627_520000000000000_GOV |
||
| 526 |
_a0 _b0 _c0 _d627_520000000000000_GOV |
||
| 650 |
_aMCE _9379 |
||
| 942 |
_2ddc _cBK |
||
| 999 |
_c547869 _d547869 |
||